00854cam a2200241 a 4500001000500000005001700005020001500022040001800037050002200055082001200077100004100089245007100130250004400201260003400245300005800279500007100337505000800408520009000416521002300506521002000529650004100549650002200590166620250422085640.0 a0439375940 aDLCcDLCbeng00aPZ7.K292bMi 200000a808.0681 aKellogg, Steveneauthoreillustrator14aThe missing mitten mystery /cstory and pictures by Steven Kellogg aFirst Scholastic printing, January 2002 bScholastic,c2000aNew York : a31 unnumbered pages : bcolor illustrations ;c29 cm aRe-worked edition of: The mystery of the missing red mitten. 1974. aJ  aAnnie searches the neighborhood for her red mitten, the fifth she's lost this winter. a500 bLexile AD  aJ bRaz-Plus  1aLost and found possessionsvFiction. 1aMittensvFiction.